<?xml version="1.0" encoding="UTF-8"?>
<record
    xmlns:xsi="http://www.w3.org/2001/XMLSchema-instance"
    xsi:schemaLocation="http://www.loc.gov/MARC21/slim http://www.loc.gov/standards/marcxml/schema/MARC21slim.xsd"
    xmlns="http://www.loc.gov/MARC21/slim">

  <leader>02411nam a2200277 a 4500</leader>
  <controlfield tag="001">000038917</controlfield>
  <controlfield tag="005">20201002031423.0</controlfield>
  <controlfield tag="008">150130s2012    dr acd        000 0 spa d</controlfield>
  <datafield tag="020" ind1=" " ind2=" ">
    <subfield code="a">9789945173758 (v. 1)</subfield>
  </datafield>
  <datafield tag="020" ind1=" " ind2=" ">
    <subfield code="a">9789945173796 (v. 5)</subfield>
  </datafield>
  <datafield tag="020" ind1=" " ind2=" ">
    <subfield code="a">9789945173802 (v. 6)</subfield>
  </datafield>
  <datafield tag="020" ind1=" " ind2=" ">
    <subfield code="a">9789945173819 (v. 7)</subfield>
  </datafield>
  <datafield tag="020" ind1=" " ind2=" ">
    <subfield code="a">9789945173826 (v. 8)</subfield>
  </datafield>
  <datafield tag="040" ind1=" " ind2=" ">
    <subfield code="a">DO-SdBNP</subfield>
    <subfield code="b">spa</subfield>
    <subfield code="c">BNPHU</subfield>
  </datafield>
  <datafield tag="245" ind1="0" ind2="0">
    <subfield code="a">Ciencias sociales :</subfield>
    <subfield code="b">educaci&#xF3;n b&#xE1;sica /</subfield>
    <subfield code="c">fotograf&#xED;as Katy Le&#xF3;n [et.al]; ilustraciones Ver&#xF3;nica Chaves [et.al].</subfield>
  </datafield>
  <datafield tag="260" ind1=" " ind2=" ">
    <subfield code="a">Santo Domingo :</subfield>
    <subfield code="b">SM,</subfield>
    <subfield code="c">2012.</subfield>
  </datafield>
  <datafield tag="300" ind1=" " ind2=" ">
    <subfield code="a">v. :</subfield>
    <subfield code="b">il., retrs., mapas ;</subfield>
    <subfield code="c">29 cm.</subfield>
  </datafield>
  <datafield tag="490" ind1="1" ind2=" ">
    <subfield code="a">Proyecto S&#xE9;</subfield>
  </datafield>
  <datafield tag="505" ind1="0" ind2=" ">
    <subfield code="g">v. 1:</subfield>
    <subfield code="t">Soy especial--</subfield>
    <subfield code="t">Tengo una familia--</subfield>
    <subfield code="t">Me gusta mi casa--</subfield>
    <subfield code="t">Voy al colegio--</subfield>
    <subfield code="t">Cuido mi comunidad--</subfield>
    <subfield code="t">El campo y la ciudad--</subfield>
    <subfield code="t">El trabano es importante--</subfield>
    <subfield code="t">Nuestro bello pa&#xED;s--</subfield>
    <subfield code="t">Los s&#xED;mbolos patrios--</subfield>
  </datafield>
  <datafield tag="505" ind1="0" ind2=" ">
    <subfield code="g">v. 5:</subfield>
    <subfield code="t">Un mundo de islas y continentes--</subfield>
    <subfield code="t">Am&#xE9;rica, nuestro continente--</subfield>
    <subfield code="t">El espacio caribe&#xF1;o--</subfield>
    <subfield code="t">El ser humano camina--</subfield>
    <subfield code="t">Civilizaciones antiguas--</subfield>
    <subfield code="t">Un recorrido por Am&#xE9;rica--</subfield>
    <subfield code="t">El mundo medieval--</subfield>
    <subfield code="t">El encuentro de dos mundos--</subfield>
    <subfield code="t">Colonizaci&#xF3;n de Am&#xE9;rica--</subfield>
    <subfield code="t">Organizaci&#xF3;n de la isla de Santo Domingo--</subfield>
  </datafield>
  <datafield tag="505" ind1="0" ind2=" ">
    <subfield code="g">v. 6:</subfield>
    <subfield code="t">La edad moderna, una nueva &#xE9;poca--</subfield>
    <subfield code="t">Conquista y colonizaci&#xF3;n de Am&#xE9;rica--</subfield>
    <subfield code="t">Organizaci&#xF3;n econ&#xF3;mica y social de Am&#xE9;rica--</subfield>
    <subfield code="t">El Caribe y los imperios europeos--</subfield>
    <subfield code="t">Una isla y dos naciones--</subfield>
    <subfield code="t">Una &#xE9;poca de cambios--</subfield>
    <subfield code="t">Am&#xE9;rica en el siglo XVIII--</subfield>
    <subfield code="t">La independencia de Am&#xE9;rica--</subfield>
    <subfield code="t">El camino a la Independencia Dominicana--</subfield>
    <subfield code="t">Las nuevas naciones de Am&#xE9;rica--</subfield>
  </datafield>
  <datafield tag="505" ind1="0" ind2=" ">
    <subfield code="g">v. 7:</subfield>
    <subfield code="t">La etapa colonial--</subfield>
    <subfield code="t">La isla a principios del siglo XIX--l</subfield>
    <subfield code="t">De la ocupaci&#xF3;n haitiana a la independencia--</subfield>
    <subfield code="t">La primera Rep&#xFA;blica--</subfield>
    <subfield code="t">Restauraci&#xF3;n de la Rep&#xFA;blica--</subfield>
    <subfield code="t">Liberalismo y dictadura--</subfield>
    <subfield code="t">Movimientos anticoloniales en las Antillas--</subfield>
    <subfield code="t">Econom&#xED;a y sociedad en el siglo XIX--</subfield>
    <subfield code="t">Modernizaci&#xF3;n a fines del siglo XIX--</subfield>
    <subfield code="t">Pensamiento y cultura--</subfield>
    <subfield code="t">Cronolog&#xED;a--</subfield>
  </datafield>
  <datafield tag="505" ind1="0" ind2=" ">
    <subfield code="g">v. 8</subfield>
    <subfield code="t">La Rep&#xFA;blica Dominicana a comienzos del siglo XX--</subfield>
    <subfield code="t">La ocupaci&#xF3;n de Estados Unidos (1916-1924)--</subfield>
    <subfield code="t">La dictadura de Trujillo--</subfield>
    <subfield code="t">Consolidaci&#xF3;n y crisis del r&#xE9;gimen trujillista--</subfield>
    <subfield code="t">Apertura democr&#xE1;tica y Guerra de Abril--</subfield>
    <subfield code="t">Los doce a&#xF1;os de Balaguer--</subfield>
    <subfield code="t">Por la senda de la democracia--</subfield>
    <subfield code="t">El contexto caribe&#xF1;o y latinoamericano--</subfield>
    <subfield code="t">El espacio y la econom&#xED;a--</subfield>
    <subfield code="t">Poblaci&#xF3;n y sociedad--</subfield>
  </datafield>
  <datafield tag="710" ind1="2" ind2=" ">
    <subfield code="a">SM Dominicana</subfield>
    <subfield code="9">65182</subfield>
  </datafield>
  <datafield tag="830" ind1=" " ind2="0">
    <subfield code="a">Proyecto S&#xE9;</subfield>
    <subfield code="9">22850</subfield>
  </datafield>
  <datafield tag="952" ind1=" " ind2=" ">
    <subfield code="0">0</subfield>
    <subfield code="1">0</subfield>
    <subfield code="7">1</subfield>
    <subfield code="8">PD</subfield>
    <subfield code="a">PD</subfield>
    <subfield code="b">PD</subfield>
    <subfield code="c">HD</subfield>
    <subfield code="d">2013-05-06</subfield>
    <subfield code="i">LF1</subfield>
    <subfield code="l">0</subfield>
    <subfield code="o"> </subfield>
    <subfield code="p">38917-10</subfield>
    <subfield code="r">2020-06-25</subfield>
    <subfield code="w">2020-06-25</subfield>
    <subfield code="y">LFPD</subfield>
    <subfield code="Z">No se presta</subfield>
  </datafield>
  <datafield tag="999" ind1=" " ind2=" ">
    <subfield code="c">38407</subfield>
    <subfield code="d">38407</subfield>
  </datafield>
</record>
